000 00717nam a2200169Ia 4500
008 090711s9999 xx 000 0 und d
082 _b122
100 _aघाणेकर प्र. के.
245 _aसहली एक दिवसाSया परिसरात पुण्याSया
260 _bस्नेहल प्रकाशन
_c2000
300 _a286
600 _aघाणेकर प्र. के.
630 _aसहली एक दिवसाSया परिसरात पुण्याSया
700 _aघाणेकर प्र. के.
730 _aसहली एक दिवसाSया परिसरात पुण्याSया
942 _cBOOK
999 _c337096
_d337096